Certified business valuation course : 17 - 28 August 2015

Bibliographic Details
Corporate Authors: Certified business valuation course, INSPEN ( Institut Penilaian Negara )
Format: Book
Language:English
Subjects:

MARC

LEADER 00000cam a2200000 7i4500
001 0000027307
005 20170314.0
008 170216 my a eng
040 |a INS   |b eng   |c INS   |e rda 
090 0 0 |a BV4 
110 1 |a Certified business valuation course ,   |d 2015 17 - 28 August   |c INSPEN, Bangi 
245 0 0 |a Certified business valuation course :   |b 17 - 28 August 2015   |c Organised by Valuation and Property Services, INSPEN 
264 0 |a Bangi :   |b Institut Penilaian Negara   |c 2015 
300 |a 1 volume (Various pagings) :   |b picture, illustration ;   |c 30 cm. 
336 |a text  |2 rdacontent 
337 |a unmediated  |2 rdamedia 
338 |a volume  |2 rdacarrier 
505 1 0 |a Volume 1 - 2 
650 0 |a Business   |x Valuation. 
710 1 |a INSPEN ( Institut Penilaian Negara ) 
999 |a BV00000008   |b BOOK   |c Course Notes   |e Default branch 
999 |a BV00000009   |b BOOK   |c Course Notes   |e Default branch 
999 |a BV00000010   |b BOOK   |c Course Notes   |e Default branch 
999 |a BV00000011   |b BOOK   |c Course Notes   |e Default branch 
999 |a BV00000018   |b BOOK   |c Course Notes   |e Default branch 
999 |a BV00000019   |b BOOK   |c Course Notes   |e Default branch